昨日歷歷,晴天悠悠

資料類型: Book 圖書   書目號:26719

Leader xxxxxxxxxx
001 __ PCLIS00026719
005 __ 20210624134038.0
010 0_ |a957679742X|b平裝|dNT$200
100 __ |a20010601d2001    k  y0chib09      e
101 __ |achi
200 1_ |a昨日歷歷,晴天悠悠|f吳淡如作
205 __ |a初版
210 __ |a臺北市|c方智|d2001[民90]
215 0_ |a226面|c部份彩圖|d21 公分
225 1_ |a自信人生|v8
700 _0 |a|b淡如|4801 _0 |atw|b內湖高中|c20010622|gCCR
  
詳細館藏(共 1 筆)
索 書 號登 錄 號冊次號館別 / 館藏地流通類型狀態加入預約清單電子資源
855 / 8866 2010646  圖書館 / 一樓普通區 可外借30天 在館   

| 條列資料




目錄查詢 分類查詢 個人資料 圖書薦購 新書查詢 閉館日 排行榜 更多電子資源 Hami書城 線上資料庫 登出

From : 216.73.216.116

  本日流通累計至 11:25:09 借閱 : 6 次 續借 : 0 次 歸還 : 9 次 預約 : 0 次 電子資源 : 0 次


內湖高中圖書館  PCLIS 版本  25.5.0.2